000 00787cam a22002657a 4500
003 CHAP
005 20220329135834.0
008 971013s1993 r 00010 d
010 _a43083
011 _a44055
035 _a48193
040 _cCHAP
082 _a631.372
_bA85
100 0 0 _aAshcroft, Geoff.
_97918
245 1 2 _aA full pull
_b: the sport of tractor pulling
260 _aIpswich, England :
_bFarming Press,
_c1993
300 _a111 p.
_b: ilus.
590 _aBATCH-UPD
_b10
_c20130110
_lUCH01
_h0040
590 _aBATCH-UPD
_b10
_c20130110
_lUCH01
_h1846
590 _aCONVERSION
_b10
_c20130109
_lUCH01
_h1324
650 1 4 _aTractores.
_9114574
901 _aBK
942 _cLIBRO
949 _a631.372 A85
_bBC
_cLIBRO
_d33724002053777
_eLIBRO
_gI.c/e
_h89071
_i48193
_si
_t76.15
999 _c43083
_d43083